| 000 | 004460000a22001690004500 | ||
|---|---|---|---|
| 003 | MACL | ||
| 005 | 20151021100031.0 | ||
| 008 | 151021b xxu||||| |||| 00| 0 eng d | ||
| 040 |
_aMACL _cMACL |
||
| 041 | _aEnglish | ||
| 082 | _a954/ASH | ||
| 100 |
_aAshraf, K M _915997 |
||
| 245 |
_aHindu-Muslim Question And Our Freedom Struggle _bVolume 01 |
||
| 260 |
_bSunrise Publications _c2005 _aDelhi |
||
| 650 |
_aHistory _915998 |
||
| 942 |
_cBK _k954 _2ddc |
||
| 999 |
_c8328 _d8328 |
||